01475cam a22003854a 45000010008000000030009000080050017000170080041000340200015000750200018000900350024001080350012001320400061001440410013002050430012002180820020002301000041002502450179002912640073004702640010005433000023005533360026005763370028006023380027006305460050006576500033007076510043007406510048007836530023008316550024008547000039008789420012009179990017009299520143009466248605EG-ScBUE20220208092802.0030619t2004 ua f 000 0 eng d a9774248198 a9789774248191 a(OCoLC)ocn688853151 a6248605 aUKMbengerdacUKMdOCLCQdBAKERdYDXCPdOCLCGdEG-ScBUE1 aenghara af-ua---04222a962.05bAMI1 aAmin, Galal A.,d1935-2018,eauthor.10aWhatever else happened to the Egyptians? :bfrom the revolution to the age of globalization /cGalal Amin ; translated by David Wilmsen ; illustrations by Samir Abd al-Ghani. 1aCairo ;aNew York :bThe American University in Cairo Press,c[2004] 4cc2004 a189 pages ;c21 cm 2rdacontentatextbtxt 2rdamediaaunmediatedbn 2rdacarrieravolumebnc aText in English ; translated from the Arabic. 7aSocial changezEgypt.2BUEsh 7aEgyptxSocial conditionsy1981-2BUEsh 7aEgyptxPopulationxEconomic aspects.2BUEsh bGGENcFebruary2022 vReading book9342321 aAbd al-Ghani, Samir,eillustrator. 2ddccBB c29769d29740 00102ddc40708AUCaMAINbMAINc2NDd2022-02-08ePurchaseg120.00l0o962.05 AMIp000056128r2025-07-15 00:00:00v150.00w2022-02-08yBB